000 01311nac a22003251i 4500
003 EG-ScBUE
005 20250317092102.0
008 250312t2007 nyua f 001 0 eng d
020 _a0393109712
020 _a9780393109719
040 _aEG-ScBUE
_beng
_erda
_cEG-ScBUE
_dEG-ScBUE
082 0 4 _a530
_bOHA
_222
100 1 _aOhanian, Hans C.,
_eauthor.
245 1 0 _aPhysics for engineers and scientists /
_cHans C. Ohanian, university of Vermont, John T. Markert, university of Texas at Austin.
250 _aThird edition,
_bextended edition.
264 1 _aNew York :
_bW. W. Norton & Company,
_c[2007]
264 4 _cc2007
300 _a1 volume (various pagings) :
_billustrations (chiefly color) ;
_c29 cm
336 _2rdacontent
_atext
_btxt
337 _aunmediated
_2rdamedia
_bn
338 _avolume
_bnc
_2rdacarrier
500 _aPreviously published : Physics. second edition New York : Norton, c1989.
500 _aIncludes index.
500 _aIncludes Appendices.
505 0 _aMotion, force, and energy -- oscillations, waves, and fluids -- temperature, heat, and thermodynamics -- electricity and magnetism -- waves and optics -- relativity, quanta and particles.
650 7 _aPhysics.
_2BUEsh
655 _vReading book
700 1 _aMarkert, John T.,
_eauthor.
942 _cBB
_2ddc
999 _c8795
_d8795